| 000 | 01426nam a2200433 i 4500 | ||
|---|---|---|---|
| 001 | 1588 | ||
| 003 | KOSZ 005 | ||
| 005 | 20191010083306.0 | ||
| 008 | 000114s1981 pl a f f |001 0 pol | ||
| 015 | _aPB 1981/2464 | ||
| 020 | _a8321329985 | ||
| 035 | _a(OCoLC)751166783 | ||
| 040 |
_aWA N _cWA N _dKOSZ 005/HR |
||
| 041 | 1 |
_apol _heng |
|
| 046 | _k1977 | ||
| 080 | _a628.8 | ||
| 080 | _a697 | ||
| 080 | _a(07) | ||
| 100 | 1 |
_aJones, W. P. _d(1922- ). _eAutor |
|
| 245 | 1 | 0 |
_aKlimatyzacja / _cW. P. Jones ; tł. [z ang.] Joanna Szymańska-Matosek. |
| 246 | 1 |
_iTyt. oryg.: _aAir conditioning engineering, _f1977. |
|
| 260 |
_aWarszawa : _b"Arkady", _c1981. |
||
| 300 |
_a511, [1] s., [1] k. tabl. : _bil.,tab., wykr. ; _c25 cm. |
||
| 336 |
_2rdacontent _aTekst _btxt |
||
| 337 |
_2rdamedia _aBez urządzenia pośredniczącego |
||
| 338 |
_2rdacarrier _aWolumin _bnc |
||
| 380 | _aKsiążki. | ||
| 380 | _aPublikacje fachowe | ||
| 388 | _a1901-2000 | ||
| 500 | _aTyt. oryg.: Air conditioning engineering, 1977. | ||
| 504 | _aBibliogr. przy rozdz. - Indeks. | ||
| 658 | _aInżynieria i technika | ||
| 655 | 4 | _aPodręcznik | |
| 650 | 4 | _aKlimatyzacja | |
| 700 | 1 |
_aSzymańska-Matosek, Joanna. _eTłumaczenie |
|
| 710 | 2 |
_aWydawnictwo "Arkady". _4pbl. |
|
| 856 |
_uhttp://koha.tu.koszalin.pl/cgi-bin/koha/opac-detail.pl?biblionumber=1588 _yKatalog online BPK |
||
| 942 |
_2UKD _cKS |
||
| 999 |
_c1588 _d1588 |
||